000 00427nam a22001457a 4500
999 _c128223
_d128223
005 20220905120632.0
008 220905b ||||| |||| 00| 0 eng d
040 _cPK-LaUMT
082 _aAPC 291.436
_bIMT-J
100 _aImtiaz Ali = امتیاز علی
245 _aJadeed yuga =جدید یوگا /
_cby Imtiaz Ali = امتیاز علی
260 _aLahore :
_bSabiri Darul Kutab,
_cNA
300 _a163 p.
942 _cBK